[Event "Titled Tuesday intern op 31st Jan Late"]
[Site "Chess.com INT"]
[Date "2023.01.31"]
[Round "5"]
[White "Zhigalko, Sergei"]
[Black "Tan, Zhongyi"]
[Result "1-0"]
[WhiteElo "2572"]
[BlackElo "2530"]
[PlyCount "77"]
[EventDate "2023.01.31"]
[EventType "swiss (blitz)"]
[EventRounds "11"]
[EventCountry "USA"]
[SourceTitle "Mega2023 Update 14"]
[Source "Chessbase"]
[SourceDate "2023.02.10"]
[SourceVersion "1"]
[SourceVersionDate "2023.02.10"]
[SourceQuality "1"]

1. e4 c5 2. Nf3 d6 3. d4 cxd4 4. Qxd4 Nc6 5. Bb5 Bd7 6. Bxc6 Bxc6 7. Nc3 Nf6 8. Bg5 e6 9. O-O-O Be7 10. Rhe1 O-O 11. Kb1 Qa5 12. Qd2 Rfd8 13. Nd4 Rac8 {13...h6 deserves study. 13...h6 verdient Beachtung.} 14. f3 Be8 15. Nd5 Qxd2 16. Nxe7+ Kf8 17. Bxd2 Kxe7 18. Bb4 Nd7 19. e5 Nc5 20. exd6+ Kf6 21. Nb3 Nxb3 $146 ({Predecessor:} 21... b6 22. Nxc5 bxc5 23. Ba5 Rd7 24. Bc7 Kg6 25. Rd3 f6 26. Rxe6 Bf7 27. Re1 {1-0 Cejas,J (2336)-Celestino,G (2141) Mar del Plata op 40th 2009 (8)}) 22. axb3 Bc6 23. c4 b6 24. Bc3+ Kg6 25. Rd4 h5 26. b4 Rd7 27. b3 Kh7 28. Kb2 g6 29. b5 Bb7 30. Rd2 Rcd8 31. Red1 Rc8 32. Bf6 Rc5 33. Ra1 Rf5 34. Be7 Bc8 35. Kc3 e5 36. Rda2 f6 37. Rxa7 Kh6 38. Rxd7 Bxd7 39. Ra7 1-0

[Event "Titled Tuesday intern op 31st Jan Late"]
[Site "Chess.com INT"]
[Date "2023.01.31"]
[Round "8"]
[White "Kozak, Adam"]
[Black "Zhigalko, Sergei"]
[Result "0-1"]
[WhiteElo "2558"]
[BlackElo "2572"]
[PlyCount "158"]
[EventDate "2023.01.31"]
[EventType "swiss (blitz)"]
[EventRounds "11"]
[EventCountry "USA"]
[SourceTitle "Mega2023 Update 14"]
[Source "Chessbase"]
[SourceDate "2023.02.10"]
[SourceVersion "1"]
[SourceVersionDate "2023.02.10"]
[SourceQuality "1"]

1. c4 e5 2. Nc3 Nf6 3. Nf3 Nc6 4. e4 Bb4 5. d3 d6 6. a3 Ba5 7. b4 Bb6 8. Be2 a5 $5 {[%mdl 4] Leaves trodden paths. Verlässt die ausgetretenen Pfade.} 9. b5 Nd4 10. Be3 O-O 11. O-O h6 $146 ({Predecessor:} 11... Ba7 12. Bxd4 exd4 13. Na4 c5 14. Nd2 Bb8 15. f4 Bc7 16. Bf3 Rb8 17. Qe2 Re8 18. Qf2 Bd7 19. h3 b6 20. Rae1 h6 21. Qh4 Qe7 22. Qg3 Bc8 {1/2 Willmann,B (2226)-Daanen,A (2235) RA-2016-0-00426 LSS email 2015}) 12. a4 c6 13. Rb1 Bc5 14. Bd2 Be6 15. Nxd4 Bxd4 16. Na2 d5 17. exd5 cxd5 18. Nc1 dxc4 19. dxc4 Bf5 20. Rb3 Ne4 21. Bd3 Qh4 22. g3 Nxg3 23. hxg3 Qxg3+ 24. Kh1 Qh4+ 25. Kg1 e4 26. Be2 Rad8 27. Kg2 e3 28. Bxe3 Bh3+ 29. Kg1 Bxe3 30. Rxe3 Rxd1 31. Rxd1 Bf5 32. Rd5 Be6 33. Rde5 Rd8 34. Nd3 Qxc4 35. b6 Qxa4 36. Nc5 Qa1+ 37. Kh2 Bd5 38. f3 Bc6 39. Bd3 g6 40. Bc4 Qb2+ 41. Be2 Qxb6 42. Kg2 Qb4 43. Nd3 Qg4+ 44. Kf2 Qh4+ 45. Kg2 a4 46. Nf2 Qf6 47. Ng4 Qg7 48. Re7 h5 49. Ne5 Bd5 50. Nd7 Qh6 51. Nf6+ Kg7 52. Ne8+ Rxe8 53. Rxe8 Qg5+ 54. Kf2 Qh4+ 55. Kg2 Qg5+ 56. Kf2 Bc6 57. R8e5 Qf4 58. Rc5 Qd4 59. Rc4 Qd6 60. Rd3 Qh2+ 61. Ke3 h4 62. Rdd4 Qg1+ 63. Kd2 h3 64. Rg4 h2 65. Rc1 Qf2 66. Rf1 Qb6 67. Rh4 Qb2+ 68. Ke1 a3 69. Rxh2 a2 70. Kf2 Qd4+ 71. Kg3 a1=Q 72. Rxa1 Qxa1 73. f4 Qc3+ 74. Kf2 Qd4+ 75. Kg3 Qe3+ 76. Kg4 Bd7+ 77. f5 Bxf5+ 78. Kh4 Qf4+ 79. Bg4 Qxg4# 0-1

[Event "Titled Tuesday intern op 31st Jan Late"]
[Site "Chess.com INT"]
[Date "2023.01.31"]
[Round "9"]
[White "Zhigalko, Sergei"]
[Black "Lenderman, Aleksandr"]
[Result "0-1"]
[WhiteElo "2572"]
[BlackElo "2572"]
[PlyCount "80"]
[EventDate "2023.01.31"]
[EventType "swiss (blitz)"]
[EventRounds "11"]
[EventCountry "USA"]
[SourceTitle "Mega2023 Update 14"]
[Source "Chessbase"]
[SourceDate "2023.02.10"]
[SourceVersion "1"]
[SourceVersionDate "2023.02.10"]
[SourceQuality "1"]

1. e4 c6 2. d4 d5 3. e5 Bf5 4. Nf3 e6 5. Be2 c5 6. Be3 cxd4 7. Nxd4 Ne7 8. Nd2 {8.0-0 gains popularity. 8.0-0 wird beliebter.} Nbc6 9. N2f3 a6 10. O-O Be4 11. c3 Qc7 12. Qa4 Rd8 $146 ({Predecessor:} 12... Ng6 13. Bb5 Nge7 14. Ng5 Bf5 15. f4 Qc8 16. Bxc6+ bxc6 17. Rf2 Qd7 18. Nb3 Nc8 {1-0 Pasiev,R (2323)-Barsamian,E (2258) Voronezh op 16th 2012 (5)}) 13. Rfe1 Bxf3 14. Nxf3 Nf5 15. Bf4 Bc5 16. Bd3 Nfe7 17. Rad1 Ng6 18. Bg3 O-O 19. Qc2 Rfe8 20. h4 Nf8 21. h5 h6 22. Qa4 Nd7 23. Bb1 Nf8 24. Qg4 Qb6 25. b4 Be7 26. Bf4 Kh8 27. Rd3 f5 28. exf6 Bxf6 29. Be3 Qc7 30. Bc5 Be7 31. Bd4 Nxd4 32. Nxd4 e5 33. Nf5 Bg5 34. Red1 e4 35. Rxd5 Rxd5 36. Rxd5 Qxc3 37. Qd1 e3 38. fxe3 Bxe3+ 39. Nxe3 Qxe3+ 40. Kh1 Qf2 0-1

[Event "Titled Tuesday intern op 31st Jan Late"]
[Site "Chess.com INT"]
[Date "2023.01.31"]
[Round "11"]
[White "Rakhmatullaev, Almas"]
[Black "Zhigalko, Sergei"]
[Result "1-0"]
[WhiteElo "2306"]
[BlackElo "2572"]
[PlyCount "77"]
[EventDate "2023.01.31"]
[EventType "swiss (blitz)"]
[EventRounds "11"]
[EventCountry "USA"]
[SourceTitle "Mega2023 Update 14"]
[Source "Chessbase"]
[SourceDate "2023.02.10"]
[SourceVersion "1"]
[SourceVersionDate "2023.02.10"]
[SourceQuality "1"]

1. e4 c5 2. Nc3 Nc6 3. g3 g6 4. Bg2 Bg7 5. d3 Rb8 6. f4 b5 7. Nf3 b4 {7...b4 scores better than 7...d6. 7...b4 punktet besser als 7...d6.} 8. Ne2 e6 9. O-O Nge7 10. Kh1 O-O 11. Be3 d6 12. Rb1 a5 $146 ({Predecessor:} 12... Qa5 13. f5 exf5 14. Nf4 Qxa2 15. Nd5 Nxd5 16. exd5 Ne5 17. Nxe5 Bxe5 18. d4 cxd4 19. Bxd4 {0-1 Bodler,M (1987)-Postny,E (2559) Champions Challenge 106th Playchess.com INT blitz 2005 (1.2)}) 13. h3 Qb6 14. g4 f5 15. Ng3 Nd4 16. Nd2 Qc7 17. Ne2 Nec6 18. Nf3 Bb7 19. Ng3 a4 20. gxf5 exf5 21. exf5 Nxf5 22. Nxf5 Rxf5 23. Nh4 Rh5 24. Qg4 Ne7 25. f5 Bxg2+ 26. Kxg2 Nd5 27. Bd2 Bf6 28. fxg6 Rxh4 29. Qe6+ Kh8 30. Rxf6 Qb7 31. Kh2 Nxf6 32. Qxf6+ Qg7 33. Qxh4 Re8 34. Re1 Rxe1 35. Bxe1 Qxg6 36. Qd8+ Kg7 37. Qe7+ Kg8 38. Bg3 d5 39. Qxc5 1-0